Organising strategy : Sun Tzu business warcraft

Bibliographic Details
Main Author: Foo Check Teck
Format: Book
Published: Oxford : Butterworth-Heinemann , 1994
Subjects:

MARC

LEADER 00000cam a2200000 7i4500
001 0000003687
005 20200304.0
020 |a 0409996831 
040 |a INS 
090 0 0 |a HD30.28   |b F66 1994 
100 0 |a Foo Check Teck 
245 1 0 |a Organising strategy :   |b Sun Tzu business warcraft   |c Foo Check Teck and Peter Hugh Grinyer 
260 |a Oxford :   |b Butterworth-Heinemann ,   |c 1994 
300 |a 579 pages ;   |c 25 cm. 
650 0 0 |a Corporate planning 
650 0 0 |a Strategic planning 
999 |a 0000005595   |b BOOK   |c Open Shelf   |e Default branch